000 01639nam2a2200289 4500
001 RU\NLR\bibl\1221446
005 20250615111452.0
010 _a978-5-7038-3010-9
_9100
021 _aRU
_b2008-15133
_9823
035 _a(NLR Aleph) 001207793
090 _a58808
_c58808
100 _a20080430d2007 |||y0rusy50 ca
101 0 _arus
102 _aRU
105 _aa |||||||||
200 1 _aМетоды расчетов конструктивных элементов на прочность и жесткость
210 _d2007
_aБ. м.
215 _a75, [1] с.
_cил.
320 _aБиблиогр.: с. 74 (3 назв.)
461 0 _1001RU\NLR\bibl\1268241
_12001#$aОсновы конструирования и технологии производства радиоэлектронных систем$vЧ. 1
_9337920
_aЛаманов, А. И.
_cМосква
_d2007
_fА.И. Ламанов
_nИзд-во МГТУ
_oучебное пособие по курсу "Основы конструирования и технологии производства радиоэлектронных систем"
_tОсновы конструирования и технологии производства радиоэлектронных систем
_vЧ. 1
606 1 _aРадиоэлектронная аппаратура
_jУчебные издания для высших учебных заведений
_xМеханический расчет
_92029737
_3RU\NLR\auth\66934881
686 _aЗ844-028.4я73-1
801 0 _aRU
_bNLR
_c20080430
_gRCR
801 1 _aRU
_bNLR
_c20080430
942 _cBOOK
980 _aNB